[Event "I Open Ciudat de Sabadell 2008"]
[Site "Sabadell ESP"]
[Date "2008.07.15"]
[Round "3.12"]
[White "Munoz Pantoja, Miguel"]
[Black "Alcazar Pascual, Lluis"]
[Result "1-0"]
[WhiteElo "2499"]
[BlackElo "1991"]
[PlyCount "53"]
[EventDate "2008.07.13"]
[EventType "swiss"]
[EventRounds "9"]
[EventCountry "ESP"]
[SourceTitle "Ajedrez en Madrid"]
[Source "lmi"]
[SourceDate "2008.07.13"]
[SourceVersion "1"]
[SourceVersionDate "2019.07.10"]
[SourceQuality "1"]

1. e4 d5 2. exd5 Qxd5 3. d4 g6 4. Nf3 Bg7 5. Be2 Nh6 6. Bf4 c6 7. Qd2 Nf5 8.
Nc3 Qa5 9. Be5 Nd7 10. Bxg7 Nxg7 11. O-O-O Nf6 12. Kb1 Be6 13. a3 O-O-O 14. h3
Nd5 15. Nxd5 Qxd5 16. c4 Qd6 17. Qc3 f6 18. d5 Bf7 19. Nd4 c5 20. Nb5 Qb8 21.
Bg4+ Nf5 22. Rhe1 Rhe8 23. Qf3 e6 24. dxe6 Bxe6 25. Rxd8+ Kxd8 26. Qc3 Nd4 27.
Nxd4 1-0

[Event "I Open Ciudat de Sabadell 2008"]
[Site "Sabadell ESP"]
[Date "2008.07.16"]
[Round "4.1"]
[White "Perpinya Rofes, Lluis Maria"]
[Black "Movsziszian, Karen"]
[Result "1/2-1/2"]
[WhiteElo "2385"]
[BlackElo "2560"]
[PlyCount "174"]
[EventDate "2008.07.13"]
[EventType "swiss"]
[EventRounds "9"]
[EventCountry "ESP"]
[SourceTitle "Ajedrez en Madrid"]
[Source "lmi"]
[SourceDate "2008.07.13"]
[SourceVersion "1"]
[SourceVersionDate "2019.07.10"]
[SourceQuality "1"]

1. e4 d6 2. d4 Nf6 3. Nc3 g6 4. f4 Bg7 5. Nf3 O-O 6. Bd3 Nc6 7. e5 dxe5 8. fxe5
Nd5 9. Nxd5 Qxd5 10. c3 f6 11. Qe2 Kh8 12. exf6 exf6 13. O-O Bg4 14. Bf4 Qd7
15. Rae1 Rae8 16. Qd2 Ne7 17. h3 Bf5 18. c4 c6 19. Bxf5 Nxf5 20. d5 g5 21. Bh2
cxd5 22. cxd5 Nd6 23. Rc1 Rc8 24. Rfe1 h6 25. Re6 Rxc1+ 26. Qxc1 Rc8 27. Qe1
Nc4 28. Qe4 Nb6 29. Bd6 Qb5 30. Re7 Qxd5 31. Qxd5 Nxd5 32. Rxb7 Rc1+ 33. Kh2
Ne3 34. Rxa7 Rc2 35. b4 Rxg2+ 36. Kh1 Rf2 37. Nd4 f5 38. Ne6 Bc3 39. Rc7 Bb2
40. Nd8 f4 41. Nf7+ Kg7 42. Nxg5+ Kg6 43. Ne4 Rf1+ 44. Kh2 Kf5 45. Nc5 Rf2+ 46.
Kh1 Bf6 47. Rf7 Rf1+ 48. Kh2 Kg6 49. Rf8 Nf5 50. Rg8+ Kh7 51. Rf8 f3 52. Rxf6
Rf2+ 53. Kg1 Rg2+ 54. Kh1 Nh4 55. Rxf3 Rxa2 56. Rg3 Nf5 57. Rd3 Rb2 58. Ne4 Kg6
59. Bc5 h5 60. Rd2 Rb1+ 61. Kg2 h4 62. Nc3 Rb3 63. Nd5 Ng3 64. Be7 Nf5 65. Bd8
Kf7 66. Rf2 Ke6 67. Nf4+ Kd7 68. Rd2+ Kc6 69. Ba5 Rg3+ 70. Kf2 Nd6 71. Rd3 Ne4+
72. Ke2 Rg1 73. Bd8 Ng3+ 74. Kf3 Nf5 75. Ng2 Rb1 76. Nxh4 Ng7 77. Be7 Rf1+ 78.
Kg2 Re1 79. Bc5 Ne6 80. Kf2 Re4 81. Re3 Nxc5 82. bxc5 Rxh4 83. Kg3 Rc4 84. Re8
Rxc5 85. Kg4 Kd7 86. Re1 Rc8 87. h4 Re8 1/2-1/2

[Event "I Open Ciudat de Sabadell 2008"]
[Site "Sabadell ESP"]
[Date "2008.07.16"]
[Round "4.2"]
[White "Perez*, Mitjans Orelvis"]
[Black "Rojas, Luis"]
[Result "0-1"]
[WhiteElo "2441"]
[BlackElo "2406"]
[PlyCount "70"]
[EventDate "2008.07.13"]
[EventType "swiss"]
[EventRounds "9"]
[EventCountry "ESP"]
[SourceTitle "Ajedrez en Madrid"]
[Source "lmi"]
[SourceDate "2008.07.13"]
[SourceVersion "1"]
[SourceVersionDate "2019.07.10"]
[SourceQuality "1"]

1. e4 e6 2. Qe2 c5 3. g3 Nc6 4. c3 g6 5. Bg2 Bg7 6. d3 Nge7 7. h4 h6 8. Na3 d6
9. f4 h5 10. Nh3 e5 11. Ng5 f6 12. Nf3 Rb8 13. fxe5 dxe5 14. Be3 b6 15. Nc2 Bg4
16. Bf2 O-O 17. O-O f5 18. exf5 Nxf5 19. Qe4 Nce7 20. Nxe5 Bxe5 21. Qxe5 Qxd3
22. Ne3 Nxe3 23. Bxe3 Nf5 24. Bf4 Rbe8 25. Qc7 Re7 26. Qc6 Kh7 27. Rae1 Qd7 28.
Rxe7+ Qxe7 29. Kh2 Rf7 30. Bg5 Qe5 31. Bf4 Qe7 32. Rf2 Qe1 33. Rd2 Nxg3 34. Rd8
Nf1+ 35. Kg1 Ne3+ 0-1

[Event "I Open Ciudat de Sabadell 2008"]
[Site "Sabadell ESP"]
[Date "2008.07.16"]
[Round "4.3"]
[White "Gongora Reyes, Maikel"]
[Black "Mestre Bellido, Hector"]
[Result "1-0"]
[WhiteElo "2436"]
[BlackElo "2284"]
[PlyCount "81"]
[EventDate "2008.07.13"]
[EventType "swiss"]
[EventRounds "9"]
[EventCountry "ESP"]
[SourceTitle "Ajedrez en Madrid"]
[Source "lmi"]
[SourceDate "2008.07.13"]
[SourceVersion "1"]
[SourceVersionDate "2019.07.10"]
[SourceQuality "1"]

1. d4 d5 2. c4 c6 3. Nc3 Nf6 4. Nf3 a6 5. c5 Bg4 6. Ne5 Bf5 7. f3 Nbd7 8. g4
Be6 9. Nd3 g6 10. h4 h5 11. g5 Ng8 12. Qb3 Qc8 13. Nf4 Bg7 14. Nxe6 fxe6 15. e3
e5 16. Qc2 Nf8 17. dxe5 Bxe5 18. f4 Bg7 19. Bh3 e6 20. Bd2 Qc7 21. Na4 O-O-O
22. O-O-O Qf7 23. e4 Ne7 24. Rhe1 Kb8 25. Kb1 dxe4 26. Rxe4 Nf5 27. Be1 Rxd1+
28. Qxd1 Ka7 29. Nb6 Nh7 30. Nc4 Qc7 31. Ba5 Qf7 32. Nd6 Nxd6 33. Bb6+ Ka8 34.
cxd6 Nf8 35. Bf2 Qd7 36. Bc5 Qd8 37. Qb3 Nd7 38. Bf2 Re8 39. Rxe6 Rxe6 40. Qxe6
Bf8 41. Qxd7 1-0

[Event "I Open Ciudat de Sabadell 2008"]
[Site "Sabadell ESP"]
[Date "2008.07.16"]
[Round "4.6"]
[White "Almeida Quintana, Omar"]
[Black "Abreu Delgado, Aryam"]
[Result "1/2-1/2"]
[WhiteElo "2524"]
[BlackElo "2502"]
[PlyCount "64"]
[EventDate "2008.07.13"]
[EventType "swiss"]
[EventRounds "9"]
[EventCountry "ESP"]
[SourceTitle "Ajedrez en Madrid"]
[Source "lmi"]
[SourceDate "2008.07.13"]
[SourceVersion "1"]
[SourceVersionDate "2019.07.10"]
[SourceQuality "1"]

1. d4 d5 2. c4 dxc4 3. Nf3 Nf6 4. e3 e6 5. Bxc4 a6 6. O-O c5 7. Bb3 cxd4 8.
exd4 Nc6 9. Nc3 Be7 10. Re1 O-O 11. a3 b5 12. d5 exd5 13. Nxd5 Nxd5 14. Bxd5
Bb7 15. Bf4 Na5 16. Bxb7 Nxb7 17. Qxd8 Bxd8 18. Rac1 Bf6 19. Be5 Bxe5 20. Nxe5
Rfc8 21. f3 Nc5 22. b4 Ne6 23. Red1 f6 24. Nc6 Rc7 25. Kf2 Re8 26. g3 Kf8 27.
Nd4 Rxc1 28. Nxe6+ Rxe6 29. Rxc1 Kf7 30. h4 h5 31. Rc5 Kg6 32. f4 f5 1/2-1/2

[Event "I Open Ciudat de Sabadell 2008"]
[Site "Sabadell ESP"]
[Date "2008.07.16"]
[Round "4.7"]
[White "Alsina Leal, Daniel"]
[Black "Martorell Aubanell, Adria"]
[Result "1-0"]
[WhiteElo "2517"]
[BlackElo "2159"]
[PlyCount "81"]
[EventDate "2008.07.13"]
[EventType "swiss"]
[EventRounds "9"]
[EventCountry "ESP"]
[SourceTitle "Ajedrez en Madrid"]
[Source "lmi"]
[SourceDate "2008.07.13"]
[SourceVersion "1"]
[SourceVersionDate "2019.07.10"]
[SourceQuality "1"]

1. e4 c5 2. Nf3 Nc6 3. d4 cxd4 4. Nxd4 Nf6 5. Nc3 e5 6. Ndb5 d6 7. Bg5 a6 8.
Na3 b5 9. Nd5 Be7 10. Bxf6 Bxf6 11. c3 Ne7 12. Nxf6+ gxf6 13. g3 Bb7 14. Bg2 d5
15. exd5 Bxd5 16. Bxd5 Qxd5 17. Qxd5 Nxd5 18. O-O-O O-O-O 19. Nc2 Rd7 20. Rhe1
Rhd8 21. Rd3 Ne7 22. Rxd7 Rxd7 23. Re4 Ng6 24. Ne3 Kc7 25. a4 Kd6 26. Kc2 Rb7
27. axb5 axb5 28. f4 exf4 29. gxf4 Rb8 30. Rd4+ Kc6 31. Nf5 Re8 32. Rd6+ Kc7
33. Rxf6 Re2+ 34. Kb3 Rxh2 35. Nd4 Rh5 36. Rxf7+ Kb6 37. Kb4 Rh2 38. b3 Rf2 39.
Rf6+ Kb7 40. f5 Nf4 41. Kxb5 1-0

[Event "I Open Ciudat de Sabadell 2008"]
[Site "Sabadell ESP"]
[Date "2008.07.16"]
[Round "4.8"]
[White "Wong Castaneda, Arturo"]
[Black "Cruz, Cristhian"]
[Result "0-1"]
[WhiteElo "2139"]
[BlackElo "2508"]
[PlyCount "84"]
[EventDate "2008.07.13"]
[EventType "swiss"]
[EventRounds "9"]
[EventCountry "ESP"]
[SourceTitle "Ajedrez en Madrid"]
[Source "lmi"]
[SourceDate "2008.07.13"]
[SourceVersion "1"]
[SourceVersionDate "2019.07.10"]
[SourceQuality "1"]

1. e4 c5 2. Nf3 e6 3. Nc3 a6 4. a4 Nc6 5. Be2 Nf6 6. O-O d6 7. Re1 Be7 8. h3
O-O 9. Bf1 b6 10. d3 Bb7 11. Bf4 e5 12. Bg5 Ne8 13. Be3 Nc7 14. Nd5 Nxd5 15.
exd5 Nd4 16. c4 Nxf3+ 17. Qxf3 a5 18. Qh5 g6 19. Qh6 f5 20. f4 Bf6 21. Ra2 Re8
22. b3 e4 23. Bf2 Bc3 24. Ree2 Bd4 25. dxe4 fxe4 26. Be3 Qf6 27. Qg5 Qg7 28.
Rad2 Re7 29. Kh2 Rae8 30. Rd1 Bc8 31. Qg3 Rf8 32. Kh1 Qf6 33. Rf2 h5 34. h4
Bxe3 35. Qxe3 Qxh4+ 36. Kg1 Qf6 37. Be2 Bf5 38. Rd2 Rg7 39. Rf1 g5 40. Bd1 Bh7
41. Rdf2 Qd4 42. Qh3 g4 0-1

[Event "I Open Ciudat de Sabadell 2008"]
[Site "Sabadell ESP"]
[Date "2008.07.16"]
[Round "4.9"]
[White "Ridameya Tatche, Jose Miguel"]
[Black "Munoz Pantoja, Miguel"]
[Result "0-1"]
[WhiteElo "2133"]
[BlackElo "2499"]
[PlyCount "104"]
[EventDate "2008.07.13"]
[EventType "swiss"]
[EventRounds "9"]
[EventCountry "ESP"]
[SourceTitle "Ajedrez en Madrid"]
[Source "lmi"]
[SourceDate "2008.07.13"]
[SourceVersion "1"]
[SourceVersionDate "2019.07.10"]
[SourceQuality "1"]

1. d4 Nf6 2. Nf3 g6 3. c4 Bg7 4. g3 c5 5. Bg2 Nc6 6. O-O O-O 7. Nc3 d6 8. dxc5
dxc5 9. Qxd8 Rxd8 10. Be3 Be6 11. Ng5 Bxc4 12. Bxc5 Nd5 13. Nxd5 Bxd5 14. Bxd5
Rxd5 15. Be3 Bxb2 16. Rab1 Bd4 17. Nf3 Bxe3 18. fxe3 Rd7 19. Rfc1 f6 20. Kf2
Rad8 21. Rb5 e5 22. h3 Re7 23. Rc2 Red7 24. Rc1 Ne7 25. g4 g5 26. Rc2 Nc8 27.
Rb4 Nd6 28. Rbb2 Ne4+ 29. Kg2 b6 30. Rc4 Nc5 31. Rcc2 Kf7 32. Rb4 Rd1 33. a4
Ra1 34. Rcc4 Ra2 35. Ng1 Rd1 36. Rxc5 bxc5 37. Rc4 Ke6 38. Rxc5 Rxa4 39. Nf3 a5
40. Rc6+ Ke7 41. Rc8 Rd8 42. Rc7+ Rd7 43. Rc8 Ra7 44. h4 Rxg4+ 45. Kh3 Rxh4+
46. Nxh4 gxh4 47. Kxh4 a4 48. Rc1 a3 49. e4 a2 50. Ra1 Kd6 51. Kg4 Kc5 52. Kf5
Ra6 0-1

[Event "I Open Ciudat de Sabadell 2008"]
[Site "Sabadell ESP"]
[Date "2008.07.16"]
[Round "4.10"]
[White "Jovanic, Ognjen"]
[Black "Alonso Castillo, Sergio"]
[Result "1-0"]
[WhiteElo "2493"]
[BlackElo "2118"]
[PlyCount "101"]
[EventDate "2008.07.13"]
[EventType "swiss"]
[EventRounds "9"]
[EventCountry "ESP"]
[SourceTitle "Ajedrez en Madrid"]
[Source "lmi"]
[SourceDate "2008.07.13"]
[SourceVersion "1"]
[SourceVersionDate "2019.07.10"]
[SourceQuality "1"]

1. d4 d5 2. c4 c6 3. Nc3 Nf6 4. e3 Bf5 5. cxd5 Nxd5 6. Nge2 e5 7. Nxd5 Qxd5 8.
Nc3 Qa5 9. Bc4 Bb4 10. Qb3 O-O 11. a3 Bxc3+ 12. Qxc3 Qxc3+ 13. bxc3 b5 14. Be2
Nd7 15. a4 a6 16. f3 Be6 17. Kf2 Nb6 18. Ba3 Rfe8 19. axb5 axb5 20. dxe5 Nc4
21. Bd6 Nxd6 22. exd6 Rad8 23. Rhd1 Bb3 24. Rd2 Ba4 25. Bd1 Bxd1 26. Rdxd1 Rd7
27. Ra6 Rc8 28. e4 f6 29. f4 Kf7 30. Kf3 Ke6 31. f5+ Kf7 32. g4 g6 33. h4 gxf5
34. exf5 h6 35. Rb6 Kf8 36. Rd3 Kf7 37. Kf4 Kg7 38. Ke3 Re8+ 39. Kd2 Rc8 40.
Kc2 Kf7 41. Kb3 c5 42. Rd5 b4 43. cxb4 cxb4 44. Kxb4 Rc1 45. Kb5 Rc2 46. Rd4
Rc1 47. Rc6 Rb1+ 48. Kc5 Rbb7 49. Ra4 Kg7 50. Raa6 Kf7 51. Rcb6 1-0

[Event "I Open Ciudat de Sabadell 2008"]
[Site "Sabadell ESP"]
[Date "2008.07.16"]
[Round "4.11"]
[White "Danilov, Vladimir"]
[Black "Segarra Calderer, Albert"]
[Result "1/2-1/2"]
[WhiteElo "2426"]
[BlackElo "2080"]
[PlyCount "88"]
[EventDate "2008.07.13"]
[EventType "swiss"]
[EventRounds "9"]
[EventCountry "ESP"]
[SourceTitle "Ajedrez en Madrid"]
[Source "lmi"]
[SourceDate "2008.07.13"]
[SourceVersion "1"]
[SourceVersionDate "2019.07.10"]
[SourceQuality "1"]

1. d4 d5 2. c4 e6 3. Nc3 f5 4. Nf3 c6 5. Bf4 Bd6 6. Bxd6 Qxd6 7. e3 Nf6 8. Bd3
O-O 9. O-O Ne4 10. Ne5 Nd7 11. Nxd7 Nxc3 12. Qc2 Bxd7 13. Qxc3 Qe7 14. b4 a6
15. a4 Qg5 16. f4 Qe7 17. c5 Rfb8 18. b5 axb5 19. axb5 cxb5 20. Rfb1 Qe8 21.
Ra5 Rxa5 22. Qxa5 b6 23. cxb6 Qd8 24. Bxb5 Qxb6 25. Qxb6 Rxb6 26. Bd3 Rxb1+ 27.
Bxb1 Kf8 28. Kf2 Ke7 29. g4 g6 30. Bc2 Kf6 31. g5+ Ke7 32. Ke1 Be8 33. Kd2 Bf7
34. Ba4 Bg8 35. Bb5 Bf7 36. Be2 Bg8 37. h4 Bf7 38. Kc3 Bg8 39. h5 Bf7 40. h6
Bg8 41. Kb4 Bf7 42. Kc5 Bg8 43. Kc6 Bf7 44. Kc7 Bg8 1/2-1/2

[Event "I Open Ciudat de Sabadell 2008"]
[Site "Sabadell ESP"]
[Date "2008.07.17"]
[Round "5.1"]
[White "Rojas, Luis"]
[Black "Gongora Reyes, Maikel"]
[Result "0-1"]
[WhiteElo "2406"]
[BlackElo "2436"]
[PlyCount "90"]
[EventDate "2008.07.13"]
[EventType "swiss"]
[EventRounds "9"]
[EventCountry "ESP"]
[SourceTitle "Ajedrez en Madrid"]
[Source "lmi"]
[SourceDate "2008.07.13"]
[SourceVersion "1"]
[SourceVersionDate "2019.07.10"]
[SourceQuality "1"]

1. e4 e5 2. Nf3 Nc6 3. d4 exd4 4. Nxd4 Bc5 5. Be3 Qf6 6. c3 Nge7 7. g3 h5 8. h3
h4 9. g4 Ng6 10. Qd2 O-O 11. g5 Qe7 12. Bg2 d5 13. Nxc6 bxc6 14. Bxc5 Qxc5 15.
Na3 dxe4 16. O-O-O Bf5 17. Rhe1 Rfe8 18. Qe3 Qxe3+ 19. Rxe3 Nf4 20. Bf1 Ne6 21.
Nc2 Nxg5 22. Nd4 Bd7 23. Nb5 cxb5 24. Rxd7 c6 25. c4 b4 26. a3 a5 27. Rd6 Rac8
28. axb4 axb4 29. Kc2 c5 30. Rd5 Nf3 31. Bg2 Nd4+ 32. Kd2 f5 33. f3 exf3 34.
Bxf3 Rxe3 35. Kxe3 Kf7 36. Rd7+ Kf6 37. Bh5 Kg5 38. Bf7 Kf6 39. Bh5 Rc6 40. Bf7
Ne6 41. Bh5 Ng5 42. Kd3 Nxh3 43. Rf7+ Ke5 44. Bf3 Rd6+ 45. Ke3 Ng5 0-1

[Event "I Open Ciudat de Sabadell 2008"]
[Site "Sabadell ESP"]
[Date "2008.07.17"]
[Round "5.4"]
[White "Cruz, Filemon"]
[Black "Alsina Leal, Daniel"]
[Result "1/2-1/2"]
[WhiteElo "2416"]
[BlackElo "2517"]
[PlyCount "100"]
[EventDate "2008.07.13"]
[EventType "swiss"]
[EventRounds "9"]
[EventCountry "ESP"]
[SourceTitle "Ajedrez en Madrid"]
[Source "lmi"]
[SourceDate "2008.07.13"]
[SourceVersion "1"]
[SourceVersionDate "2019.07.10"]
[SourceQuality "1"]

1. d4 d5 2. c4 e6 3. Nc3 c6 4. Nf3 Nf6 5. Bg5 h6 6. Bxf6 Qxf6 7. e3 Bd6 8. Bd3
O-O 9. O-O Nd7 10. cxd5 exd5 11. e4 dxe4 12. Nxe4 Qe7 13. Re1 Nf6 14. Ng3 Qc7
15. Bc2 Bg4 16. Qd3 Bxf3 17. Qxf3 Bxg3 18. hxg3 Rfe8 19. Bb3 Qa5 20. Qc3 Qxc3
21. bxc3 Kf8 22. Reb1 b6 23. Bc4 Ne4 24. Rc1 Rad8 25. Bd3 c5 26. Bb5 Re6 27.
Rc2 cxd4 28. cxd4 Red6 29. f3 Nxg3 30. Rc7 a5 31. Rb7 Nf5 32. Rc1 Rxd4 33. Rcc7
Nd6 34. Rxb6 Nxb5 35. Rxb5 R4d5 36. Rcc5 Rxc5 37. Rxc5 a4 38. Rc4 a3 39. Rc3
Ra8 40. Kf2 g6 41. g4 Kg7 42. Kg3 Ra4 43. Rc6 g5 44. Rb6 f6 45. Rc6 Kg6 46. Rb6
Rc4 47. Rb3 Ra4 48. Rb6 Rc4 49. Rb3 Ra4 50. Rb6 Rc4 1/2-1/2

[Event "I Open Ciudat de Sabadell 2008"]
[Site "Sabadell ESP"]
[Date "2008.07.17"]
[Round "5.5"]
[White "Cruz, Cristhian"]
[Black "Gallego, Andres"]
[Result "1/2-1/2"]
[WhiteElo "2508"]
[BlackElo "2400"]
[PlyCount "114"]
[EventDate "2008.07.13"]
[EventType "swiss"]
[EventRounds "9"]
[EventCountry "ESP"]
[SourceTitle "Ajedrez en Madrid"]
[Source "lmi"]
[SourceDate "2008.07.13"]
[SourceVersion "1"]
[SourceVersionDate "2019.07.10"]
[SourceQuality "1"]

1. d4 Nf6 2. c4 g6 3. Nc3 d5 4. cxd5 Nxd5 5. Bd2 Bg7 6. e4 Nb6 7. Be3 O-O 8.
Bb5 a6 9. Be2 Nc6 10. Nf3 Bg4 11. d5 Bxf3 12. Bxf3 Ne5 13. Be2 Nec4 14. Bc1 Qd6
15. O-O c6 16. Qb3 cxd5 17. Nxd5 Nxd5 18. Bxc4 Nb6 19. Rd1 Qc6 20. Be2 Na4 21.
Bf3 Rfd8 22. Bg5 Bxb2 23. Rxd8+ Rxd8 24. Rb1 Be5 25. Qxb7 Qxb7 26. Rxb7 f6 27.
Be3 Kf7 28. Ra7 Rb8 29. g3 Rb2 30. a3 Ra2 31. Rxa6 Rxa3 32. Be2 Bd6 33. Bc4+
Kg7 34. Ra8 Rxe3 35. fxe3 Nc5 36. Rg8+ Kh6 37. Bd5 Nd3 38. Kg2 Bc5 39. Rc8 Bd6
40. Kf3 Kg5 41. Rh8 Ne5+ 42. Ke2 Kh6 43. Be6 Kg7 44. Rg8+ Kh6 45. h4 Nc6 46.
Rc8 Ne5 47. g4 Bb4 48. Rh8 Bd6 49. h5 gxh5 50. gxh5 Kxh5 51. Rxh7+ Kg5 52. Rh1
Bc5 53. Rg1+ Kh6 54. Rg3 Bd6 55. Rh3+ Kg7 56. Kd2 Nf7 57. Bxf7 Kxf7 1/2-1/2